000 00666nam a22002177a 4500
003 UA-OsUOA
001 67892
007 ta
008 20100317b un ||||| |||| 00| 0 ukr d
100 _aСторонянська І.
090 _a330(477)
_bС82
942 _cSA
040 _aUA-OsUOA
_bukr
_cUA-OsUOA
_dUA-OsUOA
245 _aБюджетна політика в умовах формування моделі конвергентного регіонального розвитку в Україні
300 _aС.43-53
955 _a0
041 _aukr
080 _a330(477)
773 0 _w67890
650 7 _a330 Економіка взагалі
_2UDC
999 _c354064
_d354064